| 000 | 00882nam a2200253 i 4500 | ||
|---|---|---|---|
| 001 | 18456 | ||
| 003 | ES-MaACL | ||
| 005 | 20250829034407.0 | ||
| 007 | t| | ||
| 008 | 011107s2000 sp ||||0| spa j | ||
| 020 | _a84-7522-805-4 | ||
| 040 |
_aM-BN _bspa _cM-BN |
||
| 080 | _a821.134.2-31"19" | ||
| 100 | 1 |
_aMasip, Paulino. _978727 |
|
| 245 | 1 | 3 |
_aEl diario de Hamlet García / _cPaulino Masip ; prólogo de Antonio Muñoz Molina. |
| 260 |
_aMadrid : _bConsejería de Educación : _bVisor Libros, _c[2000] |
||
| 300 |
_a279 p ; _c23 cm. |
||
| 490 | 1 |
_aLetras madrileñas contemporáneas ; _v5 |
|
| 700 | 1 |
_aMuñoz Molina, Antonio, _d1956- _984461 |
|
| 710 | 1 |
_aMadrid (Comunidad Autónoma). _bConsejería de Educación. _95600 |
|
| 830 | 0 |
_aLetras madrileñas contemporáneas ; _v5 _9180341 |
|
| 852 |
_aES-MaACL _jL-25087 _bR.130433 |
||
| 999 |
_c18456 _d18456 |
||